000
00448nam a22001337a 4500
003
SGT
020
_a
9788126052950
082
_a
891.4309
_b
B17D
100
_a
द्विवेदी, भगवती प्रसाद
245
_a
भारतीय साहित्य के निर्माता : महेंद्र मिसिर
260
_b
साहित्य अकादमी
_c
2017
300
_a
136
942
_2
ddc
_c
BK
999
_c
30146
_d
30146